| 000 | 00653nam a2200181 i 4500 | ||
|---|---|---|---|
| 001 | 167030 | ||
| 003 | ES-MaACL | ||
| 005 | 20230906213438.0 | ||
| 008 | 050923s1885 fr |||| | fre d | ||
| 100 | 1 |
_aVasili, Paul _ccomte ( _d1858-1941) _9133568 |
|
| 245 | 1 | 3 |
_aLa société de Londres / _cComte Paul Vasili; augmenté de lettres inédites. |
| 250 | _a10e éd. | ||
| 260 |
_aParis : _bNouvelle Revue, _c1885 ( _fTyp. Georges Chamerot) |
||
| 300 |
_a464 p. ; _c24 cm. |
||
| 650 | 4 |
_aCorte y cortesanos- _zGran Bretaña. _9162183 |
|
| 651 | 4 |
_aLondres- _xUsos y costumbres. _9166719 |
|
| 852 |
_aES-MaACL _jG-8464 _z- Enc. hol. conservando cub. original |
||
| 999 |
_c167030 _d167030 |
||